Statistiques concernant Distribution par images - La Cité de la peur

Cliquez ici pour prendre le quiz!

Statistiques générales

  • Ce quiz a été pris 30 fois
  • Le résultat moyen est 6 sur 9

Statistiques - réponses

Réponse% Correct
Alain Chabat
100%
Eddy Mitchell
90%
Gérard Darmon
90%
Chantal Lauby
87%
Valérie Lemercier
83%
Dominique Farrugia
73%
Jean-Pierre Bacri
67%
Sam Karmann
23%
Jean-Christophe Bouvet
13%

Distribution des résultats

Percentile par nombre de réponses

% des personnes avec chaque résultat

Votre développement - résultats

Vous n’avez pas pris ce quiz